Indicaciones metodológicas sobre la enseñanza de historia.

Gespeichert in:
Bibliographische Detailangaben
1. Verfasser: Castañeda, Lucrecio G.
Format: Buch
Sprache:Spanisch
Erschienen: Mazatlán, Sin. Imp., Enc. El Libro Mayor 1917
Katalog:MANES:  Suchergebnis im Bibliothekskatalog
Schulbuchspezifische Eigenschaften:
Tags: Tag hinzufügen
Keine Tags, Fügen Sie den ersten Tag hinzu!
Hinzugefügt zu:27.05.2018
Geändert in:20.05.2026

MARC

LEADER 00000nam a2200000 4500
005 20260520171811.0
008 180528b xxu||||| |||| 00| 0 spa d
040 |a centro_manes  |c universidad_colima 
100 |9 21844  |a Castañeda, Lucrecio G. 
245 |a Indicaciones metodológicas sobre la enseñanza de historia. 
260 |a Mazatlán, Sin.  |b Imp., Enc. El Libro Mayor  |c 1917 
300 |a 17 p.   |c 21 cm. 
500 |a Aparece: Francisco Ziga, "Bibliografía Pedagógica. Libros de texto para enseñanza primaria:1850-1970 V. Libros de Historia" en Boletín del Instituto de Investigaciones Bibliográficas 1981-1982, Biblioteca Nacional, Hemeroteca Nacional, Universidad Nacional Autónoma de México, Nos. 18 - 19,p. 115.  
546 |a México 
690 0 |a HI 
691 0 |a PRI 
942 |2 ddc  |c BK 
999 |c 50653  |d 50653 
999 |c manes:50653  |d 50653